[Event "Scarborough CC Howard Ridout U1800"]
[Site "Toronto CAN"]
[Date "2011.09.29"]
[Round "3"]
[White "Veecock, Carl"]
[Black "Thanabalachandran, Kajan"]
[Result "0-1"]
[WhiteElo "1323"]
[BlackElo "1594"]
[PlyCount "96"]
[GameId "2160767909648701"]
[EventDate "2011.09.08"]
[EventType "swiss"]
[EventRounds "6"]
[EventCountry "CAN"]
[SourceTitle "EXT 2022"]
[Source "ChessBase"]
[SourceDate "2021.10.06"]
[SourceVersion "1"]
[SourceVersionDate "2021.10.06"]
[SourceQuality "1"]

1. Nf3 c5 2. d4 e6 3. dxc5 Bxc5 4. e3 Nf6 5. Nc3 O-O 6. Be2 Nc6 7. O-O d5 8. Na4 Bd6 9. b3 a6 10. Nc3 Qc7 11. g3 Ne5 12. Bb2 Bd7 13. Rb1 Rac8 14. a3 Nxf3+ 15. Bxf3 Be5 16. Qd2 Bxc3 17. Bxc3 Qxc3 18. Qxc3 Rxc3 19. Rfc1 Rfc8 20. Rb2 Bb5 21. a4 Bd3 22. cxd3 Rxc1+ 23. Kg2 R8c2 24. Rxc2 Rxc2 25. Bd1 Rd2 26. Bf3 Rxd3 27. b4 Rb3 28. b5 axb5 29. axb5 Rxb5 30. Be2 Rb2 31. Bd3 Ng4 32. Kf3 f5 33. Be2 e5 34. h3 e4+ 35. Kf4 Rxe2 36. hxg4 Rxf2+ 37. Ke5 b5 38. gxf5 b4 39. Kxd5 b3 40. Kxe4 b2 41. g4 b1=Q+ 42. Ke5 Qb3 43. Ke4 h6 44. Kd4 Rd2+ 45. Ke4 Qd5+ 46. Kf4 Rf2+ 47. Kg3 Qf3+ 48. Kh4 Rh2# 0-1

[Event "Scarborough CC Howard Ridout U1800"]
[Site "Toronto CAN"]
[Date "2011.09.29"]
[Round "3"]
[White "Verde, Pino"]
[Black "Liao, Jacky"]
[Result "1-0"]
[WhiteElo "1675"]
[BlackElo "1327"]
[PlyCount "59"]
[GameId "2160767909648702"]
[EventDate "2011.09.08"]
[EventType "swiss"]
[EventRounds "6"]
[EventCountry "CAN"]
[SourceTitle "EXT 2022"]
[Source "ChessBase"]
[SourceDate "2021.10.06"]
[SourceVersion "1"]
[SourceVersionDate "2021.10.06"]
[SourceQuality "1"]

1. Nf3 Nf6 2. d3 g6 3. e4 d6 4. Nbd2 Bg7 5. c3 O-O 6. Be2 Be6 7. O-O d5 8. e5 Nfd7 9. d4 f6 10. Qb3 b6 11. Re1 Bf7 12. Bd3 fxe5 13. Ng5 e6 14. Ndf3 e4 15. Nxf7 Rxf7 16. Ng5 exd3 17. Nxf7 Kxf7 18. c4 Bxd4 19. cxd5 e5 20. d6+ Kg7 21. Qd5 Qf6 22. Be3 c6 23. Qc4 Qxd6 24. Qxd3 Nc5 25. Qe2 Ne6 26. Rad1 Qb4 27. Bxd4 Nxd4 28. Qxe5+ Kh6 29. Rxd4 Qxb2 30. Rh4# 1-0

[Event "Scarborough CC Howard Ridout U1800"]
[Site "Toronto CAN"]
[Date "2011.09.29"]
[Round "3"]
[White "Zhang, John"]
[Black "Vyravanathan, Sobiga"]
[Result "0-1"]
[WhiteElo "1677"]
[BlackElo "1388"]
[PlyCount "66"]
[GameId "2160767909648703"]
[EventDate "2011.09.08"]
[EventType "swiss"]
[EventRounds "6"]
[EventCountry "CAN"]
[SourceTitle "EXT 2022"]
[Source "ChessBase"]
[SourceDate "2021.10.06"]
[SourceVersion "1"]
[SourceVersionDate "2021.10.06"]
[SourceQuality "1"]

1. e4 c5 2. Nf3 Nc6 3. d4 cxd4 4. Nxd4 Nf6 5. Nc3 d6 6. Bg5 e6 7. f4 Be7 8. Bb5 Bd7 9. Nxc6 Bxc6 10. Bxc6+ bxc6 11. Qf3 Rc8 12. O-O-O Qc7 13. Rhe1 h6 14. Bh4 Rb8 15. e5 dxe5 16. fxe5 Nd5 17. Bxe7 Nxe7 18. Ne4 O-O 19. Nd6 Qb6 20. b3 Qa5 21. Kb2 Nd5 22. Rd4 Qxe1 23. Re4 Qa5 24. Rg4 Nb4 25. Qg3 Qxa2+ 26. Kc3 Qxc2+ 27. Kd4 c5+ 28. Ke3 Qxb3+ 29. Kf2 Qxg3+ 30. Rxg3 Nd5 31. h4 Rb2+ 32. Ke1 Rfb8 33. h5 Ra2 0-1

[Event "Scarborough CC Howard Ridout U1800"]
[Site "Toronto CAN"]
[Date "2011.09.29"]
[Round "3"]
[White "Zhao, Yanchun"]
[Black "Mendrinos, Ari"]
[Result "1/2-1/2"]
[WhiteElo "1194"]
[BlackElo "1433"]
[PlyCount "86"]
[GameId "2160767909648704"]
[EventDate "2011.09.08"]
[EventType "swiss"]
[EventRounds "6"]
[EventCountry "CAN"]
[SourceTitle "EXT 2022"]
[Source "ChessBase"]
[SourceDate "2021.10.06"]
[SourceVersion "1"]
[SourceVersionDate "2021.10.06"]
[SourceQuality "1"]

1. d4 Nf6 2. c4 g6 3. Nf3 Bg7 4. e3 O-O 5. Bd3 d6 6. O-O Bg4 7. Nbd2 Bxf3 8. Qxf3 Nc6 9. a3 e5 10. Nb3 Re8 11. d5 e4 12. Bxe4 Ne5 13. Qf4 Nxc4 14. Bf3 Ne5 15. Rd1 Nxf3+ 16. Qxf3 Ne4 17. Rb1 Qf6 18. Qxf6 Nxf6 19. h3 Re5 20. Na5 Rb8 21. b4 Rxd5 22. Bb2 Rxd1+ 23. Rxd1 Ne4 24. Bd4 Bxd4 25. Rxd4 Nf6 26. Rc4 c6 27. e4 d5 28. exd5 Nxd5 29. Rd4 Ne7 30. Rd7 Kf8 31. Rxb7 Rxb7 32. Nxb7 Ke8 33. Nc5 Nd5 34. g3 Nc3 35. Kg2 Ke7 36. Kf3 Nb5 37. a4 Nd4+ 38. Ke4 Ne6 39. Na6 Kd6 40. h4 f6 41. Kd3 Nc7 42. Nc5 Kd5 43. f3 h6 1/2-1/2

[Event "Scarborough CC Howard Ridout U1800"]
[Site "Toronto CAN"]
[Date "2011.10.13"]
[Round "4"]
[White "Aghamalian, Derick"]
[Black "Yie, Kevin Yi Xiao"]
[Result "0-1"]
[WhiteElo "1604"]
[BlackElo "1445"]
[PlyCount "112"]
[GameId "2160767909648705"]
[EventDate "2011.09.08"]
[EventType "swiss"]
[EventRounds "6"]
[EventCountry "CAN"]
[SourceTitle "EXT 2022"]
[Source "ChessBase"]
[SourceDate "2021.10.06"]
[SourceVersion "1"]
[SourceVersionDate "2021.10.06"]
[SourceQuality "1"]

1. e4 e5 2. Nf3 Nc6 3. Bc4 Bc5 4. c3 Nf6 5. d4 exd4 6. cxd4 Bb4+ 7. Bd2 Bxd2+ 8. Nbxd2 d5 9. exd5 Nxd5 10. Qb3 Nce7 11. O-O O-O 12. Ne5 c6 13. Ndf3 Qc7 14. Rac1 Qb6 15. Bxd5 Nxd5 16. Qxb6 axb6 17. a3 h6 18. Nc4 Rd8 19. Ne3 Be6 20. Rfd1 Rac8 21. Nd2 Nf4 22. Kf1 Rxd4 23. Ndc4 Bxc4+ 24. Nxc4 Rxd1+ 25. Rxd1 Nd5 26. Rd3 Kf8 27. Rb3 b5 28. Nd6 Rc7 29. Rd3 Rd7 30. Ne4 Nf6 31. Rxd7 Nxd7 32. Ke2 Ke7 33. b4 Ke6 34. f4 Kd5 35. Kd3 g6 36. Nc3+ Ke6 37. Ne4 f5 38. Nc3 Nb6 39. Kd4 Kd6 40. g3 Na4 41. Nb1 b6 42. Nd2 c5+ 43. Kd3 Kd5 44. Nf3 Nb2+ 45. Kc2 Nc4 46. Kb3 Ke4 47. Nh4 g5 48. Ng6 Nd2+ 49. Kc3 Nf3 50. fxg5 hxg5 51. h4 gxh4 52. gxh4 f4 53. h5 Ng5 54. Nh4 f3 55. Kd2 c4 56. h6 c3+ 0-1

[Event "Scarborough CC Howard Ridout U1800"]
[Site "Toronto CAN"]
[Date "2011.10.13"]
[Round "4"]
[White "Azizi, Hamid"]
[Black "Verde, Pino"]
[Result "0-1"]
[WhiteElo "1369"]
[BlackElo "1675"]
[PlyCount "72"]
[GameId "2160767909648706"]
[EventDate "2011.09.08"]
[EventType "swiss"]
[EventRounds "6"]
[EventCountry "CAN"]
[SourceTitle "EXT 2022"]
[Source "ChessBase"]
[SourceDate "2021.10.06"]
[SourceVersion "1"]
[SourceVersionDate "2021.10.06"]
[SourceQuality "1"]

1. f4 e5 2. Nf3 e4 3. Nd4 c5 4. Nb3 d5 5. e3 h5 6. Nc3 Nf6 7. d4 c4 8. Nd2 Ng4 9. Qe2 Be7 10. Ndxe4 dxe4 11. Nxe4 b5 12. Nc3 a6 13. Qf3 Ra7 14. Qd5 Rd7 15. Qf3 Bb7 16. Qe2 Bh4+ 17. g3 Bxh1 18. Bd2 Be7 19. O-O-O b4 20. Bh3 bxc3 21. Bxc3 Bc6 22. e4 Bxe4 23. Qxe4 Nf2 24. Bxd7+ Nxd7 25. Qc6 Nxd1 26. Kxd1 Rh6 27. Qxc4 Qa8 28. d5 Rd6 29. Bxg7 Qxd5+ 30. Qxd5 Rxd5+ 31. Ke2 f6 32. h3 Kf7 33. Bh6 Kg6 34. f5+ Kxh6 35. g4 hxg4 36. hxg4 Kg5 0-1

[Event "Scarborough CC Howard Ridout U1800"]
[Site "Toronto CAN"]
[Date "2011.10.13"]
[Round "4"]
[White "Bellomo, Joe"]
[Black "Karpik, Steve"]
[Result "1/2-1/2"]
[WhiteElo "1607"]
[BlackElo "1425"]
[PlyCount "92"]
[GameId "2160767909648707"]
[EventDate "2011.09.08"]
[EventType "swiss"]
[EventRounds "6"]
[EventCountry "CAN"]
[SourceTitle "EXT 2022"]
[Source "ChessBase"]
[SourceDate "2021.10.06"]
[SourceVersion "1"]
[SourceVersionDate "2021.10.06"]
[SourceQuality "1"]

1. e4 d6 2. Nf3 Nf6 3. Nc3 g6 4. d4 Bg7 5. Be2 O-O 6. O-O Nbd7 7. Bd2 a6 8. Qc1 c5 9. Bh6 b5 10. Bxg7 Kxg7 11. e5 dxe5 12. dxe5 Ng4 13. Qf4 Nb6 14. h3 Nh6 15. Rad1 Qc7 16. Ng5 Bb7 17. Rfe1 Nf5 18. Bg4 Nh4 19. Bf3 Nxf3+ 20. Nxf3 Bxf3 21. Qxf3 Rad8 22. Nd5 Nxd5 23. Rxd5 Rxd5 24. Qxd5 Rd8 25. Qe4 Rd4 26. Qe3 Qd8 27. Kh2 Qd5 28. f4 Rd2 29. Re2 Rxe2 30. Qxe2 Qd4 31. Qg4 h6 32. c3 Qe4 33. Qg3 f6 34. exf6+ exf6 35. Qf2 g5 36. fxg5 Qe5+ 37. Qg3 Qxg3+ 38. Kxg3 fxg5 39. Kf3 Kf6 40. Ke4 Ke6 41. b3 h5 42. a3 a5 43. g4 h4 44. c4 bxc4 45. bxc4 a4 46. Kf3 Kf6 1/2-1/2

[Event "Scarborough CC Howard Ridout U1800"]
[Site "Toronto CAN"]
[Date "2011.10.13"]
[Round "4"]
[White "Chen, George"]
[Black "Zhang, John"]
[Result "0-1"]
[WhiteElo "1227"]
[BlackElo "1677"]
[PlyCount "120"]
[GameId "2160767909648708"]
[EventDate "2011.09.08"]
[EventType "swiss"]
[EventRounds "6"]
[EventCountry "CAN"]
[SourceTitle "EXT 2022"]
[Source "ChessBase"]
[SourceDate "2021.10.06"]
[SourceVersion "1"]
[SourceVersionDate "2021.10.06"]
[SourceQuality "1"]

1. d4 Nf6 2. c4 g6 3. Nf3 Bg7 4. Nc3 O-O 5. g3 d6 6. Bg2 Nbd7 7. O-O e5 8. dxe5 dxe5 9. Bg5 h6 10. Be3 c6 11. Qd2 Ng4 12. Rfd1 Nxe3 13. Qxe3 f5 14. Rd6 Rf6 15. Qxe5 Qf8 16. Rxf6 Nxf6 17. Qe3 Ng4 18. Qd2 Be6 19. b3 Rd8 20. Qc2 Qc5 21. Rf1 b5 22. Nd1 bxc4 23. bxc4 Qxc4 24. Qxc4 Bxc4 25. Re1 Bxe2 26. Rxe2 Rxd1+ 27. Re1 Rxe1+ 28. Nxe1 Bd4 29. Nd3 c5 30. h3 Nf6 31. Kf1 c4 32. Nc1 c3 33. Ke2 Ne4 34. Bxe4 fxe4 35. f3 exf3+ 36. Kxf3 Kf7 37. Ke4 Bg7 38. Kd3 Ke6 39. Ne2 Kf5 40. a4 Be5 41. g4+ Kg5 42. Nxc3 Bxc3 43. Kxc3 Kh4 44. a5 Kxh3 45. Kc4 Kxg4 46. Kb5 h5 47. Ka6 h4 48. Kxa7 h3 49. a6 h2 50. Kb8 h1=Q 51. a7 Kf5 52. a8=Q Qxa8+ 53. Kxa8 g5 54. Kb7 g4 55. Kc6 g3 56. Kd5 g2 57. Kd4 g1=Q+ 58. Kd5 Qd1+ 59. Kc5 Ke5 60. Kc4 Qd4+ 0-1

[Event "Scarborough CC Howard Ridout U1800"]
[Site "Toronto CAN"]
[Date "2011.10.13"]
[Round "4"]
[White "Frias, Evnato"]
[Black "Aghamalian, Leonid"]
[Result "0-1"]
[WhiteElo "1125"]
[BlackElo "1496"]
[PlyCount "84"]
[GameId "2160767909648709"]
[EventDate "2011.09.08"]
[EventType "swiss"]
[EventRounds "6"]
[EventCountry "CAN"]
[SourceTitle "EXT 2022"]
[Source "ChessBase"]
[SourceDate "2021.10.06"]
[SourceVersion "1"]
[SourceVersionDate "2021.10.06"]
[SourceQuality "1"]

1. e4 e5 2. Nf3 Nc6 3. Bc4 Bc5 4. c3 Nf6 5. d3 O-O 6. h3 d5 7. exd5 Nxd5 8. Qb3 Nb6 9. Bg5 Qd6 10. Nbd2 Nxc4 11. Qxc4 Be6 12. Qe4 Rad8 13. Bxd8 Rxd8 14. Nc4 Bxc4 15. dxc4 Qd7 16. O-O f5 17. Qh4 e4 18. Nd4 Nxd4 19. cxd4 Bxd4 20. Rad1 c5 21. b3 Re8 22. Rfe1 e3 23. Kf1 Re4 24. Qg3 f4 25. Qf3 Qe7 26. fxe3 fxe3 27. Ke2 Qe5 28. Rf1 Qe7 29. Qf5 h6 30. g4 Re5 31. Qc8+ Kh7 32. Rf3 Re6 33. Rdf1 Ra6 34. a4 Qe4 35. Qf5+ Qxf5 36. Rxf5 Rb6 37. Rb1 Kg6 38. h4 Kh7 39. a5 Re6 40. b4 b6 41. Rf7 Re4 42. Rxa7 cxb4 0-1

[Event "Scarborough CC Howard Ridout U1800"]
[Site "Toronto CAN"]
[Date "2011.10.13"]
[Round "4"]
[White "Graham, John"]
[Black "Tismenko, Tetyana"]
[Result "1-0"]
[WhiteElo "1370"]
[BlackElo "1477"]
[PlyCount "94"]
[GameId "2160767909648710"]
[EventDate "2011.09.08"]
[EventType "swiss"]
[EventRounds "6"]
[EventCountry "CAN"]
[SourceTitle "EXT 2022"]
[Source "ChessBase"]
[SourceDate "2021.10.06"]
[SourceVersion "1"]
[SourceVersionDate "2021.10.06"]
[SourceQuality "1"]

1. c4 c5 2. Nf3 Nf6 3. Nc3 Nc6 4. e3 d5 5. d4 cxd4 6. Nxd4 e5 7. Nxc6 bxc6 8. cxd5 cxd5 9. Bb5+ Bd7 10. O-O Bxb5 11. Nxb5 Be7 12. Qa4 O-O 13. Nc3 Qb6 14. Rd1 Rfd8 15. Qb5 Rab8 16. Qxb6 Rxb6 17. Ne2 Rc8 18. Rd2 Bb4 19. Nc3 Bxc3 20. bxc3 Rcb8 21. h3 Rb1 22. Rxb1 Rxb1 23. Rc2 Ne4 24. g3 Nc5 25. Kg2 Nd3 26. Bd2 e4 27. c4 dxc4 28. Rxc4 f5 29. Bc3 Rc1 30. Rc8+ Kf7 31. Rc7+ Ke6 32. Ba5 Rxc7 33. Bxc7 Nc1 34. a4 Kd5 35. Bb8 a6 36. a5 Nb3 37. Bc7 Kc5 38. Bb6+ Kb5 39. g4 g6 40. gxf5 gxf5 41. Kg3 Nxa5 42. Bd4 Nb3 43. Bb2 a5 44. Kf4 a4 45. Kxf5 Nd2 46. Kg5 Kc4 47. Bg7 Kb3 1-0

[Event "Scarborough CC Howard Ridout U1800"]
[Site "Toronto CAN"]
[Date "2011.10.13"]
[Round "4"]
[White "Guo, Tan"]
[Black "Gillis, Doug"]
[Result "1/2-1/2"]
[WhiteElo "1547"]
[BlackElo "1594"]
[PlyCount "106"]
[GameId "2160767909648711"]
[EventDate "2011.09.08"]
[EventType "swiss"]
[EventRounds "6"]
[EventCountry "CAN"]
[SourceTitle "EXT 2022"]
[Source "ChessBase"]
[SourceDate "2021.10.06"]
[SourceVersion "1"]
[SourceVersionDate "2021.10.06"]
[SourceQuality "1"]

1. e4 e6 2. d4 d5 3. e5 c5 4. c3 Qb6 5. Nf3 Bd7 6. Be2 Bb5 7. O-O Bxe2 8. Qxe2 Qa6 9. Qxa6 Nxa6 10. Be3 Rc8 11. Na3 Ne7 12. Rac1 Nf5 13. Bf4 cxd4 14. cxd4 Rxc1 15. Rxc1 Kd7 16. Nb5 Be7 17. Nxa7 Nb4 18. Bd2 Ra8 19. Nb5 Nc6 20. a3 h6 21. g4 Nh4 22. Nxh4 Bxh4 23. Be3 Be7 24. Kf1 f6 25. f4 fxe5 26. fxe5 Rf8+ 27. Ke2 Bd8 28. Nd6 Bb6 29. Nxb7 Nxd4+ 30. Kd3 Rf3 31. Nc5+ Bxc5 32. Rxc5 Nc6 33. b4 Nxe5+ 34. Ke2 Rh3 35. Bf4 Nxg4 36. Rc7+ Kd8 37. Rxg7 h5 38. b5 Rxa3 39. b6 e5 40. Bg5+ Kc8 41. Rc7+ Kb8 42. Be7 Rb3 43. Bc5 Nxh2 44. Rd7 d4 45. Bd6+ Kc8 46. Rc7+ Kd8 47. b7 Ng4 48. Rc8+ Kd7 49. b8=Q Rxb8 50. Rxb8 Kxd6 51. Rh8 Nf6 52. Kd3 Ke6 53. Ra8 Kf5 1/2-1/2

[Event "Scarborough CC Howard Ridout U1800"]
[Site "Toronto CAN"]
[Date "2011.10.13"]
[Round "4"]
[White "Liao, Jacky"]
[Black "Paraparan, Varshini"]
[Result "0-1"]
[WhiteElo "1327"]
[BlackElo "927"]
[PlyCount "82"]
[GameId "2160767909648712"]
[EventDate "2011.09.08"]
[EventType "swiss"]
[EventRounds "6"]
[EventCountry "CAN"]
[SourceTitle "EXT 2022"]
[Source "ChessBase"]
[SourceDate "2021.10.06"]
[SourceVersion "1"]
[SourceVersionDate "2021.10.06"]
[SourceQuality "1"]

1. e4 e5 2. Nf3 Nc6 3. Bb5 a6 4. Ba4 Nf6 5. O-O d6 6. Re1 Bd7 7. h3 Be7 8. c3 O-O 9. d4 exd4 10. cxd4 h6 11. e5 Nh7 12. Bf4 d5 13. Nc3 Be6 14. Bb3 Bb4 15. a3 Ba5 16. Ba2 Ne7 17. Rc1 c6 18. Bb1 Bf5 19. Qe2 Bxb1 20. Rxb1 Ng6 21. Bg3 Re8 22. Qd3 Ng5 23. b4 Bb6 24. Rbd1 Nxf3+ 25. Qxf3 Qg5 26. Na4 Bc7 27. Nc5 b6 28. e6 fxe6 29. Nxe6 Rxe6 30. Rxe6 Rf8 31. Qd3 Nf4 32. Bxf4 Qxf4 33. Qe3 Qh2+ 34. Kf1 Bf4 35. Qc3 Bg3 36. f3 Qh1+ 37. Ke2 Qxg2+ 38. Kd3 Rxf3+ 39. Re3 Rxe3+ 40. Kxe3 Qe4+ 41. Kd2 Bf4+ 0-1

[Event "Scarborough CC Howard Ridout U1800"]
[Site "Toronto CAN"]
[Date "2011.10.13"]
[Round "4"]
[White "Mendrinos, Ari"]
[Black "Deng, Yi"]
[Result "0-1"]
[WhiteElo "1433"]
[BlackElo "938"]
[PlyCount "44"]
[GameId "2160767909648713"]
[EventDate "2011.09.08"]
[EventType "swiss"]
[EventRounds "6"]
[EventCountry "CAN"]
[SourceTitle "EXT 2022"]
[Source "ChessBase"]
[SourceDate "2021.10.06"]
[SourceVersion "1"]
[SourceVersionDate "2021.10.06"]
[SourceQuality "1"]

1. e4 e5 2. Qh5 Nf6 3. Qxe5+ Be7 4. Nf3 Nc6 5. Qg5 g6 6. d3 Nxe4 7. Qe3 Nc5 8. a3 Ne6 9. Be2 O-O 10. d4 Bf6 11. d5 Ncd4 12. Nxd4 Nxd4 13. Bd3 Re8 14. Be4 Nxc2+ 15. Bxc2 Rxe3+ 16. fxe3 d6 17. O-O Bg5 18. e4 Bxc1 19. Rxc1 Qg5 20. Nc3 Bh3 21. g3 Qe3+ 22. Kh1 Qf3+ 0-1

[Event "Scarborough CC Howard Ridout U1800"]
[Site "Toronto CAN"]
[Date "2011.10.13"]
[Round "4"]
[White "Ming, Wenyang"]
[Black "Mesiti, Silvano"]
[Result "0-1"]
[WhiteElo "1182"]
[BlackElo "1667"]
[PlyCount "58"]
[GameId "2160767909648714"]
[EventDate "2011.09.08"]
[EventType "swiss"]
[EventRounds "6"]
[EventCountry "CAN"]
[SourceTitle "EXT 2022"]
[Source "ChessBase"]
[SourceDate "2021.10.06"]
[SourceVersion "1"]
[SourceVersionDate "2021.10.06"]
[SourceQuality "1"]

1. e4 e5 2. Nf3 d6 3. Bc4 Be7 4. d4 exd4 5. Nxd4 Nf6 6. Nc3 O-O 7. Be3 Nc6 8. O-O a6 9. f3 Ne5 10. Bb3 b5 11. f4 Nc4 12. Bxc4 bxc4 13. h3 Bb7 14. e5 dxe5 15. fxe5 Nd5 16. Nxd5 Qxd5 17. Nf3 Qc6 18. Ne1 Bc5 19. Bxc5 Qxc5+ 20. Rf2 Qxe5 21. c3 Rad8 22. Qe2 Qc5 23. Rd1 Rde8 24. Qc2 Re6 25. Kh1 Rfe8 26. Rf1 Bc6 27. Rc1 Re2 28. Qd1 Qg5 29. Rg1 Rxe1 0-1

[Event "Scarborough CC Howard Ridout U1800"]
[Site "Toronto CAN"]
[Date "2011.10.13"]
[Round "4"]
[White "Philip, Andrew"]
[Black "Zhao, Yanchun"]
[Result "1-0"]
[WhiteElo "1669"]
[BlackElo "1194"]
[PlyCount "85"]
[GameId "2160767909648715"]
[EventDate "2011.09.08"]
[EventType "swiss"]
[EventRounds "6"]
[EventCountry "CAN"]
[SourceTitle "EXT 2022"]
[Source "ChessBase"]
[SourceDate "2021.10.06"]
[SourceVersion "1"]
[SourceVersionDate "2021.10.06"]
[SourceQuality "1"]

1. d4 d5 2. Bg5 Nf6 3. Bxf6 exf6 4. e3 g6 5. g3 Bg7 6. Bg2 O-O 7. Ne2 Bg4 8. h3 Bf5 9. Nd2 c6 10. O-O Nd7 11. c4 dxc4 12. Nxc4 Nb6 13. Na5 Qd7 14. Kh2 Rab8 15. Rc1 Rfe8 16. Nc3 h5 17. Nb3 Qd6 18. Kh1 Be6 19. Nc5 f5 20. Nxe6 Rxe6 21. Qb3 Ree8 22. h4 Qe6 23. Rfd1 Qxb3 24. axb3 Red8 25. Kh2 Kf8 26. Ra1 a6 27. Ra5 Bf6 28. Kh3 Kg7 29. Ne2 Rd7 30. Nf4 Rc8 31. Nd3 Rcc7 32. Nc5 Rd8 33. Nd3 Rd6 34. Nc5 Nd7 35. Nxd7 Rdxd7 36. Rc5 Be7 37. Rcc1 Bb4 38. Bf3 a5 39. Kg2 Rd6 40. d5 cxd5 41. Rxc7 b6 42. Rxd5 Rxd5 43. Bxd5 1-0

[Event "Scarborough CC Howard Ridout U1800"]
[Site "Toronto CAN"]
[Date "2011.10.13"]
[Round "4"]
[White "Pulogarajah, Kaarthic"]
[Black "Lin, Benjamin1"]
[Result "0-1"]
[WhiteElo "998"]
[BlackElo "1166"]
[PlyCount "72"]
[GameId "2160767909648716"]
[EventDate "2011.09.08"]
[EventType "swiss"]
[EventRounds "6"]
[EventCountry "CAN"]
[SourceTitle "EXT 2022"]
[Source "ChessBase"]
[SourceDate "2021.10.06"]
[SourceVersion "1"]
[SourceVersionDate "2021.10.06"]
[SourceQuality "1"]

1. e4 c5 2. d4 cxd4 3. Qxd4 Nc6 4. Qd1 e6 5. Nc3 Bc5 6. Nf3 Nge7 7. Bb5 O-O 8. Bxc6 Nxc6 9. O-O h6 10. a3 Qf6 11. e5 Nxe5 12. Ne4 Nxf3+ 13. Qxf3 Qxf3 14. gxf3 Be7 15. Be3 b6 16. c4 d5 17. cxd5 exd5 18. Nc3 Bb7 19. Rad1 Rad8 20. Nb5 Ba6 21. a4 Bxb5 22. axb5 Bc5 23. Kh1 Rfe8 24. Rd3 Bxe3 25. fxe3 Rd7 26. e4 d4 27. Rfd1 Red8 28. f4 Kf8 29. f5 Ke7 30. h4 Kf6 31. Kg2 Ke5 32. Kf3 Rc8 33. Rxd4 Rxd4 34. Rxd4 Kxd4 35. Kf4 Re8 36. f6 Rxe4+ 0-1

[Event "Scarborough CC Howard Ridout U1800"]
[Site "Toronto CAN"]
[Date "2011.10.13"]
[Round "4"]
[White "Raphael, Raymond"]
[Black "Stroempl, Hedi"]
[Result "1-0"]
[WhiteElo "1715"]
[BlackElo "1079"]
[PlyCount "63"]
[GameId "2160767909648717"]
[EventDate "2011.09.08"]
[EventType "swiss"]
[EventRounds "6"]
[EventCountry "CAN"]
[SourceTitle "EXT 2022"]
[Source "ChessBase"]
[SourceDate "2021.10.06"]
[SourceVersion "1"]
[SourceVersionDate "2021.10.06"]
[SourceQuality "1"]

1. e4 c5 2. Nf3 Nc6 3. d4 cxd4 4. Nxd4 Qc7 5. Nc3 Nxd4 6. Qxd4 e6 7. Be3 b6 8. Qc4 Qxc4 9. Bxc4 Bb7 10. a3 d6 11. Bb5+ Ke7 12. O-O-O g6 13. f4 f5 14. e5 Rd8 15. Rd2 d5 16. Rhd1 Nh6 17. h3 Bg7 18. Ne2 Ba8 19. Nd4 Nf7 20. c4 Rc8 21. Rc2 Rhd8 22. Rdd2 Bb7 23. Kb1 h6 24. b4 g5 25. cxd5 Bxd5 26. Bc6 gxf4 27. Bxf4 Nxe5 28. Bxd5 Rxc2 29. Rxc2 exd5 30. Bxe5 Rg8 31. Bxg7 Rxg7 32. Nxf5+ 1-0

[Event "Scarborough CC Howard Ridout U1800"]
[Site "Toronto CAN"]
[Date "2011.10.13"]
[Round "4"]
[White "Roy, Harrison"]
[Black "Maurer, Hans"]
[Result "1-0"]
[WhiteElo "910"]
[BlackElo "1018"]
[PlyCount "67"]
[GameId "2160767909648718"]
[EventDate "2011.09.08"]
[EventType "swiss"]
[EventRounds "6"]
[EventCountry "CAN"]
[SourceTitle "EXT 2022"]
[Source "ChessBase"]
[SourceDate "2021.10.06"]
[SourceVersion "1"]
[SourceVersionDate "2021.10.06"]
[SourceQuality "1"]

1. e4 e5 2. Nf3 Nc6 3. Bb5 a6 4. Ba4 b5 5. Bb3 Nf6 6. Nc3 h6 7. Nd5 Nxe4 8. O-O Bb7 9. Nc3 Qf6 10. Nxe4 Nd4 11. Nxf6+ gxf6 12. Nxd4 exd4 13. Qh5 Rh7 14. Re1+ Kd8 15. Qe2 c6 16. Bxf7 Kc7 17. Bb3 c5 18. d3 Re7 19. Bf4+ Kb6 20. Qd2 Rc8 21. Rxe7 Bxe7 22. Re1 Bf8 23. Bf7 Bg7 24. Re8 Rc6 25. Re7 d6 26. Bd5 Bf8 27. Bxc6 Bxe7 28. Bxb7 Kxb7 29. c4 b4 30. Bxh6 Kc6 31. a3 a5 32. axb4 axb4 33. Bf4 d5 34. h4 1-0

[Event "Scarborough CC Howard Ridout U1800"]
[Site "Toronto CAN"]
[Date "2011.10.13"]
[Round "4"]
[White "Roy, Lawrence"]
[Black "Lin, William"]
[Result "0-1"]
[WhiteElo "1038"]
[BlackElo "1362"]
[PlyCount "38"]
[GameId "2160767909648719"]
[EventDate "2011.09.08"]
[EventType "swiss"]
[EventRounds "6"]
[EventCountry "CAN"]
[SourceTitle "EXT 2022"]
[Source "ChessBase"]
[SourceDate "2021.10.06"]
[SourceVersion "1"]
[SourceVersionDate "2021.10.06"]
[SourceQuality "1"]

1. e4 e6 2. d4 d5 3. exd5 exd5 4. Nf3 Nf6 5. Nc3 Nc6 6. Be2 Be7 7. O-O O-O 8. Re1 Bg4 9. h3 Bh5 10. Bd2 Bxf3 11. Bxf3 Nxd4 12. Bg5 Nxf3+ 13. Qxf3 c6 14. Rad1 Re8 15. Bxf6 Bxf6 16. Rxe8+ Qxe8 17. a3 h6 18. Qg3 Qe5 19. Qxe5 Bxe5 0-1

[Event "Scarborough CC Howard Ridout U1800"]
[Site "Toronto CAN"]
[Date "2011.10.13"]
[Round "4"]
[White "Song, Eric"]
[Black "Smith, Maurice"]
[Result "1-0"]
[WhiteElo "1616"]
[BlackElo "1535"]
[PlyCount "127"]
[GameId "2160767909648720"]
[EventDate "2011.09.08"]
[EventType "swiss"]
[EventRounds "6"]
[EventCountry "CAN"]
[SourceTitle "EXT 2022"]
[Source "ChessBase"]
[SourceDate "2021.10.06"]
[SourceVersion "1"]
[SourceVersionDate "2021.10.06"]
[SourceQuality "1"]

1. e4 d6 2. d4 Nf6 3. Nc3 g6 4. Nf3 Bg7 5. Bc4 O-O 6. O-O Nbd7 7. Re1 b6 8. Bg5 Bb7 9. h3 h6 10. Bh4 c5 11. e5 dxe5 12. dxe5 Nh5 13. e6 Ndf6 14. Qxd8 Raxd8 15. exf7+ Kh7 16. Rxe7 Bd5 17. Nxd5 Nxd5 18. Re8 Ndf6 19. Bxf6 Nxf6 20. Rxf8 Rxf8 21. Re1 Nh5 22. c3 b5 23. Bxb5 Rxf7 24. Bc4 Rf4 25. Bd3 Rf7 26. Nd2 Nf4 27. Bc4 Rd7 28. Ne4 Rc7 29. Rd1 Be5 30. Re1 Bg7 31. Kf1 a5 32. Nd6 Rd7 33. Ne4 Rc7 34. a4 Rb7 35. Bb5 Rc7 36. Nd6 Ra7 37. Ne8 Bh8 38. Kg1 Rf7 39. Bc4 Rb7 40. Kh2 Rd7 41. g4 Nd3 42. Re2 Nf4 43. Re3 Nd5 44. Re4 Nf6 45. Nxf6+ Bxf6 46. Kg2 Rd2 47. Re2 Rd6 48. Re6 Rxe6 49. Bxe6 Kg7 50. Kf3 Be7 51. Ke4 Kf6 52. Bc4 Kg5 53. Bf1 h5 54. f4+ Kh4 55. f5 gxf5+ 56. gxf5 Kg5 57. Be2 h4 58. Bg4 Kf6 59. Kd5 Bf8 60. b3 Be7 61. Kc4 Ke5 62. Kb5 Kd5 63. Kxa5 Bf6 64. c4+ 1-0